000 01059nam a2200253 i 4500
001 91054
003 ES-MaACL
005 20250802222146.0
007 t|
008 050126s1926 sp ||||1| spa d
100 1 _aLeón Peralta, Alberto.
_971635
245 1 3 _aLa moderna ciencia del urbanismo :
_bsus enseñanzas y aplicaciones a la mejora moral y material de las grandes urbes /
_cAlberto León Peralta ; [prólogo de Hilario Crespo].
260 _aMadrid :
_b[s.n.,
_c1926] (
_fImp. Municipal)
300 _aXXXII, 80 p. :
_bil. ;
_c28 cm.
530 _aDisponible en formato digital.
586 _aObra premiada por el excelentísimo Ayuntamiento de Madrid
650 7 _aUrbanismo
_2embne
_917692
650 4 _aCiudades-
_vHistoria.
_911076
700 1 _aCrespo, Hilario.
_941521
852 4 _aES-MaACL
_j1600-F-35
_9 94383
_cDEPOF
_zRevisado enlace: 31 de Marzo de 2025.
856 4 _uhttp://www.memoriademadrid.es/buscador.php?accion=VerFicha&id=27568
_yBiblioteca Digital Memoria de Madrid
942 _2udc
999 _c91054
_d91054